| 000 | 00388nam a2200145 4500 | ||
|---|---|---|---|
| 005 | 20260530113842.0 | ||
| 100 | 1 |
_aMaurizio Bradaschia _930335 |
|
| 245 | 1 | 0 | _aWAR KISHI Store Design 5 bus tops + 1 |
| 264 | 1 |
_bLogos Art ® _c1999 |
|
| 300 | _a70 páginas | ||
| 500 | _aLibro destacado !!! | ||
| 336 |
_atexto _2rdacontent |
||
| 337 |
_asin medio _2rdamedia |
||
| 338 |
_avolumen _2rdacarrier |
||
| 999 |
_c11160 _d11160 |
||